000 00634 a2200205 4500
003 Nust
005 20221103140449.0
010 _a 75033032
020 _a0134812263
040 _cNust
082 0 0 _a621.3192,JAC
100 1 _aJackson, Herbert W.
_9102327
245 1 0 _aIntroduction to electric circuits /
_cHerbert W. Jackson.
250 _a4th ed.
260 _aEnglewood Cliffs, N.J. :
_bPrentice-Hall,
_cc1976.
300 _axiv, 673 p. :
_bill. ;
_c25 cm.
505 _aPart 1: Electricity and Magnetism (Page-1), Part 2: Circuit Analysis Techniques (Page-407).
650 0 _aElectric circuits.
_910997
942 _2ddc
_cBK
999 _c180803
_d180803